[Event "zt 2.4"]
[Site "Sao Paulo BRA"]
[Date "2001.06.16"]
[Round "9"]
[White "De Souza Haro,P"]
[Black "Vescovi,G"]
[Result "0-1"]
[WhiteElo "2237"]
[BlackElo "2572"]
[EventDate "2001.06.07"]

1. d4 Nf6 2. Nc3 d5 3. Bg5 Nbd7 4. Qd2 c6 5. f3 Qa5 6. e4 dxe4 7. Nxe4
Qxd2+ 8. Nxd2 e6 9. Bd3 Be7 10. Ne2 b6 11. O-O Bb7 12. c3 O-O 13. Ne4 Rfd8
14. Rad1 Kf8 15. Nxf6 Nxf6 16. Ng3 c5 17. Bxf6 gxf6 18. dxc5 Bxc5+ 19. Kh1
f5 20. Be2 Ke7 21. Rde1 f4 22. Ne4 Be3 23. Rd1 f5 24. Ng5 h6 25. Nh3 Rxd1
26. Rxd1 Rd8 27. Rxd8 Kxd8 28. g3 fxg3 29. hxg3 Ke7 30. Kg2 Bc1 31. b3 Bd2
32. c4 Kd6 33. Kf2 Kc5 34. g4 fxg4 35. fxg4 Be4 36. Bf3 Bd3 37. Ng1 Bb1 38.
Bd1 Bxa2 39. Nf3 Bf4 40. Ne1 Kd4 41. Kf3 Bd2 42. Nc2+ Kc3 43. Na3 a6 44.
Ke2 Bc1 0-1

[Event "zt 2.4"]
[Site "Sao Paulo BRA"]
[Date "2001.06.16"]
[Round "9"]
[White "Milos,G"]
[Black "Soto,J"]
[Result "1-0"]
[WhiteElo "2608"]
[BlackElo "2386"]
[EventDate "2001.06.07"]

1. e4 c5 2. Nf3 Nc6 3. d4 cxd4 4. Nxd4 Nf6 5. Nc3 e5 6. Ndb5 d6 7. Bg5 a6
8. Na3 b5 9. Bxf6 gxf6 10. Nd5 Bg7 11. Bd3 Be6 12. O-O f5 13. Qh5 Rg8 14.
c4 f4 15. cxb5 Nd4 16. Rfc1 Bxd5 17. exd5 f3 18. g3 Kf8 19. bxa6 e4 20. Bf1
Ne2+ 21. Bxe2 Bxb2 22. Bb5 Bxa3 23. Rc4 Qf6 24. Rb1 Rg5 25. Qxh7 e3 26.
fxe3 Bc5 27. Bc6 Bxe3+ 28. Kf1 Rd8 29. Rh4 Rg8 30. Qe4 Bg5 31. Rh7 Rg6 32.
a7 Kg8 33. Rh5 1-0

[Event "zt 2.4"]
[Site "Sao Paulo BRA"]
[Date "2001.06.16"]
[Round "9"]
[White "Oblitas,C"]
[Black "Matsuura,E"]
[Result "1-0"]
[WhiteElo "2404"]
[BlackElo "2467"]
[EventDate "2001.06.07"]

1. e4 d5 2. exd5 Nf6 3. c4 e6 4. dxe6 Bxe6 5. Be2 Nc6 6. Nf3 Bc5 7. O-O Qd7
8. d3 O-O-O 9. Be3 Bxe3 10. fxe3 Qe7 11. Qc1 Bg4 12. Nc3 Rhe8 13. e4 Qc5+
14. Kh1 Bxf3 15. Rxf3 Ng4 16. Qg1 Qe5 17. Rf5 1-0